000 00388nam a2200109Ia 4500
008 160909s9999 xx 000 0 und d
100 _aHermes, Anna.
245 _aPerceived interactivity and uses and gratifications of online interactive advertising
260 _bArkansas State University
_c2016
650 _aMASS COM
856 _uhttp://pqdtopen.proquest.com/doc/1781955587.html?FMT=ABS
999 _c304163
_d304163